[Event "Kavala op-B 33rd"]
[Site "Kavala"]
[Date "2024.08.01"]
[Round "5"]
[White "Tagkaloglou, Savvas Stefanos"]
[Black "Athanasopoulos, Theodoros"]
[Result "1-0"]
[WhiteElo "1893"]
[BlackElo "1762"]
[PlyCount "55"]
[EventDate "2024.07.29"]
[EventType "swiss"]
[EventRounds "9"]
[EventCountry "GRE"]
[SourceTitle "EXT 2025"]
[Source "ChessBase"]
[SourceDate "2024.10.14"]
[SourceVersion "1"]
[SourceVersionDate "2024.10.14"]
[SourceQuality "1"]

1. d4 Nf6 2. c4 e6 3. Nf3 d5 4. Nc3 Be7 5. Bg5 h6 6. Bh4 Nbd7 7. e3 0-0 8. Qc2 dxc4 9. Bxc4 Nb6 10. Bb3 a5 11. 0-0 Nfd5 12. Bg3 c6 13. a3 f5 14. Be5 Bd7 15. Ne2 Be8 16. e4 fxe4 17. Qxe4 a4 18. Bc2 g6 19. Qg4 Kh7 20. Bd3 Qd7 21. Ng3 Nc8 22. Rfe1 Bf7 23. Ne4 Qd8 24. Nc5 Bxc5 25. dxc5 Nf6 26. Qh3 Nh5 27. Qxh5 Qxd3 28. Ng5+ 1-0

[Event "Aegean op 46th"]
[Site "Aghios Kirykos"]
[Date "2023.07.16"]
[Round "9"]
[White "Bardis, Harilaos Panagiotis"]
[Black "Athanasopoulos, Theodoros"]
[Result "1-0"]
[WhiteElo "1862"]
[BlackElo "1442"]
[PlyCount "73"]
[EventDate "2023.07.09"]
[EventType "swiss"]
[EventRounds "9"]
[EventCountry "GRE"]
[SourceTitle "CBM 215 Extra"]
[Source "ChessBase"]
[SourceDate "2023.09.30"]
[SourceVersion "1"]
[SourceVersionDate "2023.09.30"]
[SourceQuality "1"]

1. e4 e5 2. Nf3 Nc6 3. Bb5 a6 4. Ba4 d6 5. 0-0 Bd7 6. c3 g6 7. d4 Bg7 8. Bg5 Nge7 9. Qd2 b5 10. Bb3 h6 11. Bh4 Na5 12. dxe5 Nxb3 13. axb3 dxe5 14. Rd1 g5 15. Bg3 Ng6 16. h4 g4 17. h5 Nf4 18. Nxe5 Bxe5 19. Bxf4 Bxf4 20. Qxf4 Rg8 21. g3 Rg5 22. Rd5 Rxd5 23. exd5 Qg5 24. Qxg5 hxg5 25. Nd2 f5 26. f4 gxf4 27. gxf4 Kf7 28. b4 Kf6 29. Nb3 Kg7 30. Nc5 Bc8 31. Re1 Kh6 32. Re7 Kxh5 33. Rh7+ Kg6 34. Rxc7 Kf6 35. Nd3 Rb8 36. Ne5 Rb7 37. Rxc8 1-0

[Event "Aegean op 46th"]
[Site "Aghios Kirykos"]
[Date "2023.07.13"]
[Round "6"]
[White "Teskos, Georgios"]
[Black "Athanasopoulos, Theodoros"]
[Result "1-0"]
[WhiteElo "1839"]
[BlackElo "1442"]
[PlyCount "77"]
[EventDate "2023.07.09"]
[EventType "swiss"]
[EventRounds "9"]
[EventCountry "GRE"]
[SourceTitle "CBM 215 Extra"]
[Source "ChessBase"]
[SourceDate "2023.09.30"]
[SourceVersion "1"]
[SourceVersionDate "2023.09.30"]
[SourceQuality "1"]

1. e4 e5 2. Nf3 Nc6 3. Nc3 Nf6 4. g3 d5 5. exd5 Nxd5 6. Bg2 Be6 7. 0-0 Qd7 8. Re1 Nxc3 9. bxc3 f6 10. d4 0-0-0 11. Qe2 Bg4 12. dxe5 fxe5 13. Qb5 Qd5 14. Qe2 e4 15. Qxe4 Qxe4 16. Rxe4 Rd1+ 17. Ne1 Bf5 18. Re8+ Kd7 19. Re2 Bc5 20. Rd2+ Rxd2 21. Bxd2 Rf8 22. Bf4 Rf6 23. Rd1+ Bd6 24. c4 Kc8 25. Bg5 Rg6 26. Be3 Ne5 27. c5 Be7 28. Bf4 Nc6 29. Nf3 Bxc2 30. Bh3+ Kb8 31. Rd7 a6 32. Rxc7 Ka7 33. Bc8 Bxc5 34. Rxb7+ Ka8 35. Rc7 Be4 36. Bb7+ Kb8 37. Bxc6 Bd6 38. Bxd6 Rxd6 39. Rb7+ 1-0